000 00361 a2200109 4500
001 ART_6795
005 20260410161719.0
008 260409a
245 1 0 _aLa contabilización del impuesto a las ganancias
100 1 _aRodríguez de Ramírez, María del Carmen
773 0 _tContabilidad y auditoría
_g- Año 3, Nº 6 (oct. 1997)
_wREV1723
999 _c16809
_d16809